Business practice in the Common Market : a short guide.

Bibliographic Details
Main Author: Commer, Heinz
Format: Book
Language:English
German
Published: New York : Praeger, [1963]
Subjects:

MARC

Tag First Indicator Second Indicator Subfields
LEADER 00000cam a2200000 4500
001 in00000058309
005 20151008051523.0
008 740121s1963 nyu bh 00000 eng u
010 |a  63018678  
035 |a (OCoLC)00779276 
035 |9 AAG8425AM 
040 |c WPG  |d TXA  |d UtOrBLW 
041 0 |a eng  |a ger 
049 |a TXAM  |c [366359] 
050 0 |a HF3497  |b .C613 
092 |a 338.94  |b C734b 
100 1 |a Commer, Heinz. 
245 1 0 |a Business practice in the Common Market :  |b a short guide. 
264 1 |a New York :  |b Praeger,  |c [1963] 
300 |a 192 pages ;  |c 22 cm. 
336 |a text  |b txt  |2 rdacontent 
337 |a unmediated  |b n  |2 rdamedia 
338 |a volume  |b nc  |2 rdacarrier 
500 |a Translation of Praxis des Europa-Marktes. 
504 |a Includes bibliographical references. 
651 0 |a European Economic Community countries  |x Commerce  |x Handbooks, manuals, etc. 
999 |a MARS 
999 f f |s a0ba0cfc-0ffe-3533-a925-7ec1d0866959  |i 8886db40-0e1e-3050-adfd-040e676c9e93  |t 0 
952 f f |p ric  |a Texas A&M University  |b Rellis Campus  |c Joint Library Facility  |d Remote Storage  |t 0  |e HF3497 .C613  |h Library of Congress classification  |i unmediated -- volume  |m A14800774151 
998 f f |a HF3497 .C613  |t 0  |l Remote Storage